000 00352nam a22001217a 4500
008 180219b xxu||||| |||| 00| 0 eng d
100 _926626
_aUdtohan, Leo
245 _aRains end drought, bring landslide/
_cLeo Udtohan
260 _aPhilippines
_bPhilippine Daily Inquirer
_cc2016
300 _apage A11.
650 0 _926627
_aDrought.
942 _2ddc
_cPER
999 _c8731
_d8731